000 00817nam a2200253Ia 4500
003 OSt
005 20220918171009.0
006 a|||||r|||| 00| 0
007 ta
008 220917b |||||||| |||| 00| 0 eng d
020 _a9781119046356 (pbk)
_cUSD 39.95
024 _a320,704
037 _b1314, 06/03/2017, Bright Book Service
_cTextual
040 _aARTS
_cARTS
_beng
041 _2eng
_aeng
082 _aQ6:3, Q7
100 _aMcGrath Alister E. Au.
_932983
245 0 _aRe-imaging nature
_b promise of a christian natural theology
260 _aWest Sussax
_b John Wiley and Sons UK
_c2017
300 _avi,249p.
_ccm.
650 _aCHRISTIANITY; THEOLOGY
_932984
942 _hQ6:3, Q7
_cTEXL
_2CC
999 _c137173
_d137173